000 00508cam a2200193ua 4500
020 _c15.00
041 _aeng
_h
082 _a028.74378
_bRAJ/RE
100 _aRajammal Devdas, P .
245 _aReport of the commission on higher education for women /
_cP Rajammal Devdas.
_hTextual Documents
250 _a1 /
_b.
260 _aMadras :
_bUniversity of Madras ,
_c1979.
300 _a250 ; .
365 _a15.00
500 _a**Reference
504 _a
942 _cBK
999 _c8115
_d8115